Nazioni che contengono la lettera V - Statistics

Statistiche generali
  • Questo quiz è stato fatto 150 volte
  • Il punteggio medio è 11 su 21
Statistiche sulle risposte
Numero di V Nazione % Corretto
1 Venezuela
96%
1 Vietnam
78%
1 Svezia
76%
1 Vanuatu
75%
1 Svizzera
71%
1 Città del Vaticano
65%
1 Norvegia
61%
1 Slovenia
61%
1 Nuova Zelanda
59%
1 Slovacchia
57%
1 Bolivia
55%
1 Tuvalu
53%
1 Saint Vincent e Grenadine
44%
1 Moldavia
43%
1 Papua Nuova Guinea
42%
1 Capo Verde
32%
1 Bosnia ed Erzegovina
30%
1 Maldive
29%
1 Costa d'Avorio
27%
1 Saint Kitts e Nevis
27%
1 El Salvador
18%
Nessun quiz corrispondente trovato
Distribuzione punteggi
Percentuale di utenti per punteggio
Percentile per numero di risposta
I tuoi punteggi nel tempo
Non hai fatto questo quiz